000
00280nam a2200109Ia 4500
008
190216s9999||||xx |||||||||||||| ||und||
100
_a
Roy A&Amp;Bhatacharya
245
0
_a
Political Theory And Institutions
260
_b
The World Press Pvt Ltd
650
_a
Politics
942
_c
BK
999
_c
34789
_d
34789